[Event "Kanoni Easter op 1st"]
[Site "Kanoni"]
[Date "2019.04.30"]
[Round "3"]
[White "Xhuveli, Dion"]
[Black "Stratigos, Spiros"]
[Result "0-1"]
[WhiteElo "1609"]
[BlackElo "1957"]
[PlyCount "68"]
[EventDate "2019.04.29"]
[EventType "swiss"]
[EventRounds "9"]
[EventCountry "GRE"]
[SourceTitle "CBM 190 Extra"]
[Source "ChessBase"]
[SourceDate "2019.07.15"]
[SourceVersion "1"]
[SourceVersionDate "2019.07.15"]
[SourceQuality "1"]

1. e4 c5 2. Nf3 d6 3. d4 cxd4 4. Nxd4 Nf6 5. Nc3 g6 6. Be3 Bg7 7. f3 0-0 8. Qd2 Nc6 9. 0-0-0 d5 10. Qe1 e5 11. Nxc6 bxc6 12. exd5 cxd5 13. Bg5 Be6 14. Bc4 Rb8 15. Nxd5 Bxd5 16. Bxd5 Qb6 17. b3 Rfc8 18. Kb1 a5 19. Be4 Ne8 20. Qe3 Qb4 21. Bh6 Nd6 22. Bxg7 Nc4 23. Qc1 Kxg7 24. Rd3 Na3+ 25. Kb2 Rxc2+ 26. Qxc2 Nxc2 27. Kxc2 Rc8+ 28. Kb2 a4 29. Rc1 a3+ 30. Kb1 Rxc1+ 31. Kxc1 Qe1+ 32. Kc2 Qa1 33. Rd2 Qxa2+ 34. Kc3 Qxd2+ 0-1

[Event "GRE-ch U16"]
[Site "Rio Achaia"]
[Date "2018.07.05"]
[Round "4"]
[White "Papakonstantinou, Georgios"]
[Black "Xhuveli, Dion"]
[Result "0-1"]
[WhiteElo "1612"]
[BlackElo "1494"]
[PlyCount "88"]
[EventDate "2018.07.03"]
[EventType "swiss"]
[EventRounds "9"]
[EventCountry "GRE"]
[SourceTitle "EXT 2019"]
[Source "ChessBase"]
[SourceDate "2018.10.10"]
[SourceVersion "1"]
[SourceVersionDate "2018.10.10"]
[SourceQuality "1"]

1. d4 Nf6 2. Nf3 e6 3. Bf4 c5 4. e3 d5 5. Nbd2 Nc6 6. Be2 Bd6 7. Bg3 b6 8. 0-0 0-0 9. Ne5 Bb7 10. Ndf3 Qc7 11. c4 cxd4 12. exd4 dxc4 13. Nxc4 Bxg3 14. hxg3 Nd5 15. Rc1 Rac8 16. Nce5 Rfd8 17. Nxc6 Bxc6 18. Ba6 Rb8 19. Ne5 Ne7 20. Qf3 Qxe5 21. dxe5 Bxf3 22. gxf3 Nd5 23. Bb5 Kf8 24. a3 g5 25. Kg2 Rbc8 26. Rh1 Kg7 27. Bd3 Rxc1 28. Rxc1 Ne3+ 29. fxe3 Rxd3 30. Rc7 Rxe3 31. Kf2 Rb3 32. Rxa7 Rxb2+ 33. Ke3 h5 34. Ra4 Rb3+ 35. Kf2 b5 36. Ra5 Rb2+ 37. Ke3 h4 38. gxh4 gxh4 39. Ra6 h3 40. Rd6 h2 41. Rd1 Rb3+ 42. Kf2 Rxa3 43. Kg2 Ra2+ 44. Kh1 Rb2 0-1

[Event "GRE-ch Schools Lykeia 30th"]
[Site "Peristeri"]
[Date "2018.04.01"]
[Round "3"]
[White "Xhuveli, Dion"]
[Black "Kouroglou, Konstantinos"]
[Result "1-0"]
[WhiteElo "1612"]
[BlackElo "1683"]
[PlyCount "91"]
[EventDate "2018.04.01"]
[EventType "swiss (rapid)"]
[EventRounds "9"]
[EventCountry "GRE"]
[SourceTitle "EXT 2019"]
[Source "ChessBase"]
[SourceDate "2018.10.10"]
[SourceVersion "1"]
[SourceVersionDate "2018.10.10"]
[SourceQuality "1"]

1. d4 c5 2. d5 Nf6 3. c4 b5 4. Bg5 Ne4 5. Bf4 bxc4 6. Qc2 Nf6 7. e4 d6 8. Bxc4 Qb6 9. Nc3 g6 10. Nf3 Bg7 11. 0-0 0-0 12. h3 Ba6 13. Bxa6 Nxa6 14. a3 Rab8 15. Rab1 Nd7 16. Rfe1 e5 17. Be3 Qc7 18. Nd2 f5 19. f3 f4 20. Bf2 g5 21. Nc4 Nb6 22. Nb5 Qd7 23. Nbxd6 h5 24. Nf5 Bf6 25. Qc3 Nxd5 26. exd5 Qxf5 27. Nxe5 Rbe8 28. Qc4 Bxe5 29. Qxa6 Bd4 30. Qxa7 Bxf2+ 31. Kxf2 Qc2+ 32. Kg1 Qd2 33. Rxe8 Qd4+ 34. Kh2 Rxe8 35. b4 Re2 36. Qxc5 Qd2 37. Rg1 g4 38. Qc8+ Kf7 39. Qf5+ Ke7 40. hxg4 hxg4 41. Qxg4 Qd4 42. Qg5+ Kf8 43. Qf5+ Ke7 44. Rc1 Rxg2+ 45. Kxg2 Qb2+ 46. Rc2 1-0

[Event "GRE-ch U16"]
[Site "Achaia"]
[Date "2017.06.27"]
[Round "2"]
[White "Xhuveli, Dion"]
[Black "Alexakis, Georgios"]
[Result "0-1"]
[WhiteElo "1492"]
[BlackElo "2048"]
[PlyCount "62"]
[EventDate "2017.06.26"]
[EventType "swiss"]
[EventRounds "9"]
[EventCountry "GRE"]
[SourceTitle "CBM 179 Extra"]
[Source "ChessBase"]
[SourceDate "2017.08.23"]
[SourceVersion "1"]
[SourceVersionDate "2017.08.23"]
[SourceQuality "1"]

1. d4 Nf6 2. Nf3 e6 3. Bg5 d5 4. e3 Be7 5. Bd3 Nbd7 6. c4 0-0 7. 0-0 c6 8. Nc3 h6 9. Bh4 dxc4 10. Bxc4 b5 11. Bd3 Bb7 12. Ne4 Nxe4 13. Bxe7 Nxf2 14. Rxf2 Qxe7 15. Rc2 a6 16. Be4 Rac8 17. Rac1 Qd6 18. Nd2 f5 19. Bf3 e5 20. dxe5 Nxe5 21. Nb3 Qe7 22. Na5 Rfd8 23. Qe2 Rd6 24. Rc5 Ba8 25. Bd5+ Kh8 26. e4 f4 27. b4 Rcd8 28. Nxc6 Bxc6 29. Bxc6 Nd3 30. Bd5 Nxc1 31. Qc2 Ne2+ 0-1

[Event "GRE-ch U14"]
[Site "Porto Rio"]
[Date "2016.07.04"]
[Round "9"]
[White "Xhuveli, Dion"]
[Black "Andreou, Georgios Andreas"]
[Result "1-0"]
[WhiteElo "1489"]
[BlackElo "1175"]
[PlyCount "93"]
[EventDate "2016.06.28"]
[EventType "swiss"]
[EventRounds "9"]
[EventCountry "GRE"]
[SourceTitle "CBM 173 Extra"]
[Source "ChessBase"]
[SourceDate "2016.08.29"]
[SourceVersion "1"]
[SourceVersionDate "2016.08.29"]
[SourceQuality "1"]

1. c4 e5 2. Nc3 Nf6 3. a3 c6 4. e3 Be7 5. Qc2 d5 6. cxd5 cxd5 7. Bb5+ Nc6 8. Nf3 Qd6 9. d4 e4 10. Ne5 0-0 11. Bxc6 bxc6 12. Na4 Bb7 13. Nc5 Rfb8 14. Nxb7 Rxb7 15. Qxc6 Qxc6 16. Nxc6 Rc8 17. Nxe7+ Rxe7 18. Bd2 Rec7 19. Bc3 Nd7 20. Kd2 Nb6 21. Rhc1 f5 22. b3 g5 23. Bb4 Kf7 24. Rxc7+ Rxc7 25. Bc5 Nd7 26. b4 a5 27. Rc1 axb4 28. axb4 Rb7 29. Kc3 h5 30. g3 Kg6 31. Rb1 Nf6 32. h3 Ne8 33. b5 Nc7 34. b6 Na8 35. Ra1 Nxb6 36. Ra6 Kf7 37. Rxb6 Rxb6 38. Bxb6 Ke6 39. Kb4 Kd6 40. Kb5 g4 41. h4 f4 42. gxf4 g3 43. fxg3 Ke6 44. Kc5 Kf5 45. Kxd5 Kg4 46. Kxe4 Kxg3 47. Bd8 1-0

[Event "GRE-ch U14"]
[Site "Porto Rio"]
[Date "2016.06.29"]
[Round "3"]
[White "Alygizakis, Apostolos"]
[Black "Xhuveli, Dion"]
[Result "0-1"]
[WhiteElo "1368"]
[BlackElo "1489"]
[PlyCount "118"]
[EventDate "2016.06.28"]
[EventType "swiss"]
[EventRounds "9"]
[EventCountry "GRE"]
[SourceTitle "CBM 173 Extra"]
[Source "ChessBase"]
[SourceDate "2016.08.29"]
[SourceVersion "1"]
[SourceVersionDate "2016.08.29"]
[SourceQuality "1"]

1. e4 c5 2. Nf3 d6 3. Bb5+ Nd7 4. 0-0 Ngf6 5. Re1 a6 6. Bf1 g6 7. d4 cxd4 8. Nxd4 Bg7 9. c4 0-0 10. Be3 Nxe4 11. f3 Nef6 12. Nc3 Nb6 13. Qd2 Bd7 14. a4 Rc8 15. b3 a5 16. Rac1 Nh5 17. Bg5 Nf6 18. Ne4 Ra8 19. Nxf6+ Bxf6 20. Bxf6 exf6 21. Qf4 Bc6 22. Rcd1 d5 23. Nxc6 bxc6 24. cxd5 Nxd5 25. Qd4 Re8 26. Bc4 Rxe1+ 27. Rxe1 Qd6 28. Kh1 Rd8 29. Bxd5 cxd5 30. h3 Kg7 31. Rc1 Qe5 32. Qxe5 fxe5 33. Rc5 d4 34. Rxe5 d3 35. Re1 Rb8 36. Rb1 Kf6 37. Kg1 Ke5 38. Kf2 Kd4 39. b4 axb4 40. a5 Kc3 41. Rc1+ Kb2 42. Rc4 b3 43. Ke3 Rd8 44. Kd2 Ka3 45. Rc3 Ka2 46. a6 b2 47. Rc5 b1Q 48. Ra5+ Kb2 49. Rb5+ Ka1 50. Ra5+ Qa2+ 51. Rxa2+ Kxa2 52. a7 Ra8 53. Kxd3 Rxa7 54. Ke4 Kb2 55. Kf4 Kc2 56. Kg4 Kd3 57. f4 Ke4 58. g3 Ra5 59. h4 h5+ 0-1

[Event "GRE-ch U12"]
[Site "Greece"]
[Date "2014.07.09"]
[Round "8"]
[White "Xhuveli, Dion"]
[Black "Gkikas, Ioannis"]
[Result "1-0"]
[WhiteElo "1448"]
[BlackElo "1341"]
[PlyCount "53"]
[EventDate "2014.07.04"]
[EventType "swiss"]
[EventRounds "9"]
[EventCountry "GRE"]
[SourceTitle "EXT 2017"]
[Source "ChessBase"]
[SourceDate "2016.10.25"]
[SourceVersion "1"]
[SourceVersionDate "2016.10.25"]
[SourceQuality "1"]

1. d4 Nf6 2. c4 e6 3. Nf3 b6 4. Bf4 Bb7 5. e3 Bb4+ 6. Nbd2 0-0 7. Be2 d6 8. 0-0 Bxd2 9. Nxd2 Nbd7 10. Bg3 Re8 11. b4 a5 12. bxa5 Rxa5 13. Nb3 Ra8 14. a4 Ne4 15. Qc2 Nxg3 16. hxg3 c5 17. a5 bxa5 18. dxc5 dxc5 19. Rfd1 Qc7 20. Qd2 Red8 21. Rxa5 Rxa5 22. Nxa5 Rb8 23. Qxd7 Qxa5 24. Rb1 g6 25. Rxb7 Rxb7 26. Qxb7 Qe1+ 27. Bf1 1-0

[Event "GRE-ch U12"]
[Site "Greece"]
[Date "2014.07.07"]
[Round "6"]
[White "Xhuveli, Dion"]
[Black "Stamatis, Ioannis"]
[Result "0-1"]
[WhiteElo "1448"]
[BlackElo "1261"]
[PlyCount "72"]
[EventDate "2014.07.04"]
[EventType "swiss"]
[EventRounds "9"]
[EventCountry "GRE"]
[SourceTitle "EXT 2017"]
[Source "ChessBase"]
[SourceDate "2016.10.25"]
[SourceVersion "1"]
[SourceVersionDate "2016.10.25"]
[SourceQuality "1"]

1. d4 Nf6 2. c4 e6 3. Nf3 Bb4+ 4. Bd2 Bxd2+ 5. Qxd2 d5 6. Nc3 Nbd7 7. cxd5 exd5 8. Qc2 0-0 9. e3 b6 10. Bd3 Bb7 11. 0-0 c5 12. b3 Rc8 13. Ne5 g6 14. Nf3 Kg7 15. Rfe1 a6 16. Rac1 b5 17. Qb1 Rb8 18. b4 c4 19. Bc2 Qc7 20. e4 dxe4 21. Nxe4 Nxe4 22. Bxe4 Nb6 23. Ng5 Rfe8 24. Bxb7 Qxb7 25. Ne4 Nd5 26. Nc5 Qc6 27. a4 Nf4 28. Re4 Ne2+ 29. Rxe2 Rxe2 30. Qa1 Kg8 31. axb5 axb5 32. f3 Ra8 33. Qb1 Raa2 34. Qd3 Rxg2+ 35. Kh1 Rxh2+ 36. Kg1 cxd3 0-1